000
00300nam a22001337a 4500
008
181012b xxu||||| |||| 00| 0 eng d
020
_a
0721671136
041
_a
eng
080
_a
616.8
100
_a
7
101
_a
NEU
245
_a
Introduction to Basic Neurology
_c
Patton,H.D
942
_2
udc
_c
BK
999
_c
49470
_d
49470